| 000 | 00787nam a2200205Ia 4500 | ||
|---|---|---|---|
| 001 | 17018 | ||
| 003 | GE_BSU | ||
| 008 | 181216s||||||||xx |||||||||||||| ||und|| | ||
| 040 | _cGE_BSU | ||
| 080 | _a821.161.1 | ||
| 100 | _aლერმონტოვი, მ.ი. | ||
| 245 | _aრჩეული თხზულებანი.[ტ.] 1 | ||
| 245 | _cს. დანელიას რედაქციითა და კომენტარებით | ||
| 260 | _aთბილისი | ||
| 260 | _bთბილისის სახელმწ. უნ-ტის გამ-ბა | ||
| 260 | _c1948 | ||
| 300 | _a192 გვ. : სურ., 1 ჩართ. ფურც. პორტრ..25სმ | ||
| 653 | _aრჩეული თხზულებანი | ||
| 942 | _cBK | ||
| 999 |
_c50080 _d50080 |
||